[Event "Hoogeveen Amateur 1"]
[Site "Hoogeveen, Netherlands"]
[Date "2018.10.27"]
[Round "8.3"]
[White "Baars, Gerard"]
[Black "Lootsma, Jan"]
[Result "0-1"]
[WhiteElo "1795"]
[BlackElo "1976"]

1. e4 {[%clk 01:30:55]} {[%emt 00:00:03]} e6 {[%clk 01:30:43]} {[%emt
00:00:18]} 2. d4 {[%clk 01:31:16]} {[%emt 00:00:09]} d5 {[%clk 01:31:07]}
{[%emt 00:00:07]} 3. e5 {[%clk 01:30:24]} {[%emt 00:01:21]} c5 {[%clk
01:31:30]} {[%emt 00:00:07]} 4. c3 {[%clk 01:30:51]} {[%emt 00:00:04]} Nc6
{[%clk 01:31:55]} {[%emt 00:00:05]} 5. Nf3 {[%clk 01:30:41]} {[%emt 00:00:39]}
Bd7 {[%clk 01:32:15]} {[%emt 00:00:11]} 6. Be2 {[%clk 01:28:08]} {[%emt
00:03:02]} Qc7 {[%clk 01:32:20]} {[%emt 00:00:25]} 7. Be3 {[%clk 01:23:46]}
{[%emt 00:04:52]} c4 {[%clk 01:30:20]} {[%emt 00:02:31]} 8. O-O {[%clk
01:22:59]} {[%emt 00:01:15]} f6 {[%clk 01:30:43]} {[%emt 00:00:08]} 9. exf6
{[%clk 01:23:05]} {[%emt 00:00:24]} Nxf6 {[%clk 01:31:00]} {[%emt 00:00:13]} 10.
h3 {[%clk 01:21:24]} {[%emt 00:02:11]} Bd6 {[%clk 01:31:01]} {[%emt 00:00:29]}
11. Ng5 {[%clk 01:17:53]} {[%emt 00:04:00]} O-O {[%clk 01:30:11]} {[%emt
00:01:21]} 12. Nd2 {[%clk 01:17:43]} {[%emt 00:00:40]} Bf4 {[%clk 01:20:31]}
{[%emt 00:10:10]} 13. Bxf4 {[%clk 01:13:37]} {[%emt 00:04:36]} Qxf4 {[%clk
01:20:52]} {[%emt 00:00:09]} 14. Ngf3 {[%clk 01:13:38]} {[%emt 00:00:29]} Rae8
{[%clk 01:18:00]} {[%emt 00:03:22]} 15. g3 {[%clk 01:12:01]} {[%emt 00:02:07]}
Qh6 {[%clk 01:17:05]} {[%emt 00:01:25]} 16. Nh2 {[%clk 01:10:58]} {[%emt
00:01:32]} e5 {[%clk 01:16:00]} {[%emt 00:01:37]} 17. Ng4 {[%clk 01:08:53]}
{[%emt 00:02:34]} Qxh3 {[%clk 01:14:10]} {[%emt 00:02:19]} 18. Nxf6+ {[%clk
01:07:10]} {[%emt 00:02:14]} Rxf6 {[%clk 01:14:22]} {[%emt 00:00:18]} 19. Bf3
{[%clk 01:06:02]} {[%emt 00:01:37]} Rh6 {[%clk 01:06:41]} {[%emt 00:08:12]} 20.
Bxd5+ {[%clk 01:05:16]} {[%emt 00:01:16]} Be6 {[%clk 01:06:23]} {[%emt
00:00:47]} 0-1

[Event "Hoogeveen Amateur 1"]
[Site "Hoogeveen, Netherlands"]
[Date "2018.10.27"]
[Round "8.4"]
[White "Ebels, Theo"]
[Black "Hadderingh, Thale"]
[Result "1-0"]
[WhiteElo "1990"]
[BlackElo "1761"]

1. d4 {[%clk 01:30:57]} {[%emt 00:00:03]} f5 {[%clk 01:30:53]} {[%emt
00:00:06]} 2. Bg5 {[%clk 01:31:21]} {[%emt 00:00:06]} h6 {[%clk 01:25:30]}
{[%emt 00:05:54]} 3. Bf4 {[%clk 01:31:44]} {[%emt 00:00:06]} Nf6 {[%clk
01:25:46]} {[%emt 00:00:14]} 4. Nc3 {[%clk 01:29:33]} {[%emt 00:02:42]} d5
{[%clk 01:20:05]} {[%emt 00:06:11]} 5. e3 {[%clk 01:27:16]} {[%emt 00:02:47]}
c6 {[%clk 01:19:08]} {[%emt 00:01:27]} 6. Bd3 {[%clk 01:25:37]} {[%emt
00:02:09]} e6 {[%clk 01:15:49]} {[%emt 00:03:49]} 7. Qf3 {[%clk 01:11:26]}
{[%emt 00:14:41]} Bb4 {[%clk 01:11:07]} {[%emt 00:05:12]} 8. Qg3 {[%clk
01:05:53]} {[%emt 00:06:03]} Nbd7 {[%clk 00:59:51]} {[%emt 00:11:46]} 9. a3
{[%clk 00:47:40]} {[%emt 00:18:45]} Bf8 {[%clk 00:54:55]} {[%emt 00:05:25]} 10.
Qg6+ {[%clk 00:45:53]} {[%emt 00:02:17]} Ke7 {[%clk 00:55:17]} {[%emt
00:00:07]} 11. Nf3 {[%clk 00:45:05]} {[%emt 00:01:18]} Qe8 {[%clk 00:54:31]}
{[%emt 00:01:17]} 12. Nh4 {[%clk 00:38:53]} {[%emt 00:06:41]} Kd8 {[%clk
00:53:49]} {[%emt 00:01:11]} 13. O-O {[%clk 00:36:34]} {[%emt 00:02:50]} Rg8
{[%clk 00:48:21]} {[%emt 00:05:58]} 14. f3 {[%clk 00:35:44]} {[%emt 00:01:21]}
Nh5 {[%clk 00:43:35]} {[%emt 00:05:15]} 15. Bc7+ {[%clk 00:31:48]} {[%emt
00:04:26]} Ke7 {[%clk 00:43:55]} {[%emt 00:00:11]} 16. Bxf5 {[%clk 00:31:39]}
{[%emt 00:00:39]} Ndf6 {[%clk 00:32:39]} {[%emt 00:11:45]} 17. Qxe8+ {[%clk
00:26:58]} {[%emt 00:05:11]} Nxe8 {[%clk 00:29:42]} {[%emt 00:03:26]} 18. Bg6
{[%clk 00:24:08]} {[%emt 00:03:21]} Nxc7 {[%clk 00:25:55]} {[%emt 00:04:17]} 19.
Bxh5 {[%clk 00:24:24]} {[%emt 00:00:14]} g5 {[%clk 00:24:59]} {[%emt 00:01:26]}
20. Ng6+ {[%clk 00:24:45]} {[%emt 00:00:10]} Kf6 {[%clk 00:25:16]} {[%emt
00:00:12]} 21. Nxf8 {[%clk 00:23:12]} {[%emt 00:02:03]} Rxf8 {[%clk 00:25:39]}
{[%emt 00:00:08]} 22. e4 {[%clk 00:19:15]} {[%emt 00:04:27]} e5 {[%clk
00:19:16]} {[%emt 00:06:52]} 23. exd5 {[%clk 00:17:07]} {[%emt 00:02:38]} exd4
{[%clk 00:19:20]} {[%emt 00:00:26]} 24. Ne4+ {[%clk 00:16:38]} {[%emt
00:00:59]} Ke5 {[%clk 00:16:55]} {[%emt 00:02:55]} 25. dxc6 {[%clk 00:16:46]}
{[%emt 00:00:23]} bxc6 {[%clk 00:17:15]} {[%emt 00:00:10]} 26. Rfe1 {[%clk
00:16:31]} {[%emt 00:00:45]} Nd5 {[%clk 00:17:10]} {[%emt 00:00:34]} 27. Nc3+
{[%clk 00:11:37]} {[%emt 00:05:24]} Ne3 {[%clk 00:16:09]} {[%emt 00:01:30]} 28.
Nd1 {[%clk 00:11:54]} {[%emt 00:00:14]} Bf5 {[%clk 00:11:46]} {[%emt 00:04:53]}
29. Nxe3 {[%clk 00:10:39]} {[%emt 00:01:45]} dxe3 {[%clk 00:11:54]} {[%emt
00:00:22]} 30. Rxe3+ {[%clk 00:11:05]} {[%emt 00:00:04]} Kd4 {[%clk 00:11:33]}
{[%emt 00:00:51]} 31. Rc3 {[%clk 00:11:24]} {[%emt 00:00:11]} Rac8 {[%clk
00:09:10]} {[%emt 00:02:53]} 32. Rd1+ {[%clk 00:11:20]} {[%emt 00:00:34]} Ke5
{[%clk 00:09:34]} {[%emt 00:00:07]} 33. Rc5+ {[%clk 00:11:36]} {[%emt
00:00:13]} Ke6 {[%clk 00:09:39]} {[%emt 00:00:25]} 34. Rxf5 {[%clk 00:11:08]}
{[%emt 00:00:58]} Rxf5 {[%clk 00:08:02]} {[%emt 00:02:07]} 35. Bg4 {[%clk
00:11:32]} {[%emt 00:00:06]} Rc7 {[%clk 00:08:05]} {[%emt 00:00:27]} 36. Kf2
{[%clk 00:10:12]} {[%emt 00:01:50]} Ke5 {[%clk 00:08:18]} {[%emt 00:00:17]} 37.
Bxf5 {[%clk 00:10:35]} {[%emt 00:00:07]} Kxf5 {[%clk 00:08:40]} {[%emt
00:00:08]} 38. Rd6 {[%clk 00:10:30]} {[%emt 00:00:35]} h5 {[%clk 00:09:04]}
{[%emt 00:00:06]} 39. b4 {[%clk 00:10:09]} {[%emt 00:00:52]} h4 {[%clk
00:05:52]} {[%emt 00:03:42]} 40. g4+ {[%clk 00:10:02]} {[%emt 00:00:37]} hxg3+
{[%clk 00:05:34]} {[%emt 00:00:48]} 41. hxg3 {[%clk 00:10:25]} {[%emt
00:00:06]} c5 {[%clk 00:05:20]} {[%emt 00:00:44]} 42. Rd5+ {[%clk 00:10:27]}
{[%emt 00:00:28]} 1-0

[Event "Hoogeveen Amateur 1"]
[Site "Hoogeveen, Netherlands"]
[Date "2018.10.27"]
[Round "8.6"]
[White "Karsdorp, Nico"]
[Black "De Winter, Arthur"]
[Result "1/2-1/2"]
[WhiteElo "1854"]
[BlackElo "1361"]

1. c4 {[%clk 01:30:55]} {[%emt 00:00:05]} Nf6 {[%clk 01:30:53]} {[%emt
00:00:07]} 2. Nf3 {[%clk 01:30:57]} {[%emt 00:00:28]} e6 {[%clk 01:31:16]}
{[%emt 00:00:07]} 3. Nc3 {[%clk 01:29:48]} {[%emt 00:01:39]} d5 {[%clk
01:31:39]} {[%emt 00:00:07]} 4. e3 {[%clk 01:28:58]} {[%emt 00:01:21]} Be7
{[%clk 01:31:47]} {[%emt 00:00:21]} 5. d4 {[%clk 01:29:05]} {[%emt 00:00:23]}
a6 {[%clk 01:31:37]} {[%emt 00:00:40]} 6. a4 {[%clk 01:28:11]} {[%emt
00:01:25]} O-O {[%clk 01:30:53]} {[%emt 00:01:11]} 7. Bd3 {[%clk 01:27:07]}
{[%emt 00:01:36]} dxc4 {[%clk 01:30:45]} {[%emt 00:00:39]} 8. Bxc4 {[%clk
01:27:30]} {[%emt 00:00:07]} c5 {[%clk 01:31:09]} {[%emt 00:00:06]} 9. O-O
{[%clk 01:26:01]} {[%emt 00:01:59]} Nc6 {[%clk 01:30:42]} {[%emt 00:00:57]} 10.
dxc5 {[%clk 01:17:16]} {[%emt 00:09:16]} Qa5 {[%clk 01:30:09]} {[%emt
00:01:03]} 11. Nd4 {[%clk 01:11:35]} {[%emt 00:06:11]} Qxc5 {[%clk 01:30:08]}
{[%emt 00:00:30]} 12. Nxc6 {[%clk 01:10:37]} {[%emt 00:01:28]} Qxc6 {[%clk
01:30:25]} {[%emt 00:00:13]} 13. Qe2 {[%clk 01:08:33]} {[%emt 00:02:35]} e5
{[%clk 01:27:28]} {[%emt 00:03:26]} 14. e4 {[%clk 01:06:41]} {[%emt 00:02:22]}
Bg4 {[%clk 01:24:58]} {[%emt 00:03:00]} 15. f3 {[%clk 01:06:46]} {[%emt
00:00:25]} Be6 {[%clk 01:24:39]} {[%emt 00:00:49]} 16. Bxe6 {[%clk 01:06:20]}
{[%emt 00:00:56]} Qxe6 {[%clk 01:22:46]} {[%emt 00:02:23]} 17. Be3 {[%clk
01:05:13]} {[%emt 00:01:38]} Rac8 {[%clk 01:21:29]} {[%emt 00:01:46]} 18. Rfd1
{[%clk 01:03:31]} {[%emt 00:02:12]} Bc5 {[%clk 01:20:05]} {[%emt 00:01:55]} 19.
Bxc5 {[%clk 01:03:17]} {[%emt 00:00:44]} Rxc5 {[%clk 01:20:29]} {[%emt
00:00:05]} 20. Rd2 {[%clk 01:03:21]} {[%emt 00:00:27]} Rfc8 {[%clk 01:18:11]}
{[%emt 00:02:47]} 21. Rad1 {[%clk 01:03:26]} {[%emt 00:00:26]} h6 {[%clk
01:18:21]} {[%emt 00:00:20]} 22. Rd6 {[%clk 00:57:28]} {[%emt 00:06:28]} Qb3
{[%clk 01:17:48]} {[%emt 00:01:02]} 23. Qd2 {[%clk 00:54:35]} {[%emt 00:03:24]}
Rc4 {[%clk 01:15:58]} {[%emt 00:02:18]} 24. a5 {[%clk 00:45:44]} {[%emt
00:09:22]} Rd4 {[%clk 01:15:56]} {[%emt 00:00:32]} 25. Qe2 {[%clk 00:37:04]}
{[%emt 00:09:10]} Rxd6 {[%clk 01:10:10]} {[%emt 00:06:16]} 26. Rxd6 {[%clk
00:37:21]} {[%emt 00:00:13]} Qb4 {[%clk 01:10:24]} {[%emt 00:00:16]} 1/2-1/2

[Event "Hoogeveen Amateur 1"]
[Site "Hoogeveen, Netherlands"]
[Date "2018.10.27"]
[Round "8.7"]
[White "Van Popta, Hette"]
[Black "Hofstra, Tijmen"]
[Result "0-1"]
[WhiteElo "1823"]
[BlackElo "1622"]

1. e4 {[%clk 01:30:56]} {[%emt 00:00:02]} Nf6 {[%clk 01:30:51]} {[%emt
00:00:10]} 2. e5 {[%clk 01:31:11]} {[%emt 00:00:15]} Nd5 {[%clk 01:31:17]}
{[%emt 00:00:04]} 3. d4 {[%clk 01:30:44]} {[%emt 00:00:56]} d6 {[%clk
01:31:42]} {[%emt 00:00:06]} 4. c4 {[%clk 01:30:57]} {[%emt 00:00:16]} Nb6
{[%clk 01:32:10]} {[%emt 00:00:04]} 5. exd6 {[%clk 01:31:19]} {[%emt 00:00:07]}
exd6 {[%clk 01:32:19]} {[%emt 00:00:21]} 6. Nc3 {[%clk 01:31:13]} {[%emt
00:00:35]} Be7 {[%clk 01:32:38]} {[%emt 00:00:12]} 7. Bd3 {[%clk 01:29:43]}
{[%emt 00:02:00]} c6 {[%clk 01:25:44]} {[%emt 00:07:24]} 8. Nge2 {[%clk
01:29:51]} {[%emt 00:00:22]} Be6 {[%clk 01:26:00]} {[%emt 00:00:14]} 9. b3
{[%clk 01:29:31]} {[%emt 00:00:50]} N8d7 {[%clk 01:26:09]} {[%emt 00:00:22]} 10.
O-O {[%clk 01:29:30]} {[%emt 00:00:30]} O-O {[%clk 01:26:28]} {[%emt 00:00:11]}
11. Qc2 {[%clk 01:27:42]} {[%emt 00:02:18]} Nf6 {[%clk 01:26:36]} {[%emt
00:00:23]} 12. h3 {[%clk 01:26:08]} {[%emt 00:02:03]} d5 {[%clk 01:26:11]}
{[%emt 00:00:56]} 13. c5 {[%clk 01:25:56]} {[%emt 00:00:41]} Nbd7 {[%clk
01:26:35]} {[%emt 00:00:07]} 14. f4 {[%clk 01:25:06]} {[%emt 00:01:18]} g6
{[%clk 01:26:23]} {[%emt 00:00:44]} 15. Be3 {[%clk 01:18:37]} {[%emt 00:06:58]}
Re8 {[%clk 01:26:44]} {[%emt 00:00:09]} 16. Bf2 {[%clk 01:17:39]} {[%emt
00:01:27]} Nf8 {[%clk 01:26:55]} {[%emt 00:00:20]} 17. g4 {[%clk 01:15:08]}
{[%emt 00:03:00]} h5 {[%clk 01:26:57]} {[%emt 00:00:29]} 18. f5 {[%clk
01:15:00]} {[%emt 00:00:37]} gxf5 {[%clk 01:26:25]} {[%emt 00:01:02]} 19. gxf5
{[%clk 01:15:14]} {[%emt 00:00:16]} Bc8 {[%clk 01:26:50]} {[%emt 00:00:06]} 20.
Qd2 {[%clk 01:11:48]} {[%emt 00:03:55]} N6h7 {[%clk 01:27:10]} {[%emt
00:00:10]} 21. Kh1 {[%clk 01:07:07]} {[%emt 00:05:11]} Ng5 {[%clk 01:26:12]}
{[%emt 00:01:29]} 22. Rg1 {[%clk 01:06:46]} {[%emt 00:00:50]} Kh8 {[%clk
01:26:39]} {[%emt 00:00:03]} 23. h4 {[%clk 01:06:21]} {[%emt 00:00:55]} Nfh7
{[%clk 01:27:05]} {[%emt 00:00:04]} 24. hxg5 {[%clk 00:56:27]} {[%emt
00:10:24]} Bxg5 {[%clk 01:27:30]} {[%emt 00:00:05]} 25. Rxg5 {[%emt 00:00:14]}
Qxg5 {[%clk 01:27:53]} {[%emt 00:00:04]} 26. Qxg5 {[%clk 00:56:46]} {[%emt
00:00:30]} Nxg5 {[%clk 01:28:17]} {[%emt 00:00:06]} 27. Bh4 {[%clk 00:55:20]}
{[%emt 00:01:55]} Nh7 {[%clk 01:28:40]} {[%emt 00:00:08]} 28. Nf4 {[%clk
00:52:59]} {[%emt 00:02:51]} Bd7 {[%clk 01:28:38]} {[%emt 00:00:33]} 29. Nxh5
{[%clk 00:51:11]} {[%emt 00:02:17]} Re3 {[%clk 01:28:58]} {[%emt 00:00:11]} 30.
Nf4 {[%clk 00:44:55]} {[%emt 00:06:45]} Rae8 {[%clk 01:29:22]} {[%emt
00:00:06]} 31. Kg2 {[%clk 00:42:02]} {[%emt 00:03:22]} Rxd3 {[%clk 01:28:44]}
{[%emt 00:01:09]} 32. Nxd3 {[%clk 00:42:21]} {[%emt 00:00:10]} Re3 {[%clk
01:29:12]} {[%emt 00:00:03]} 33. Ne5 {[%clk 00:40:27]} {[%emt 00:02:24]} Bxf5
{[%clk 01:29:29]} {[%emt 00:00:14]} 34. Nd1 {[%clk 00:35:04]} {[%emt 00:05:51]}
Re2+ {[%clk 01:29:53]} {[%emt 00:00:06]} 35. Kf3 {[%clk 00:32:17]} {[%emt
00:03:16]} Re4 {[%clk 01:30:19]} {[%emt 00:00:05]} 36. Bf2 {[%clk 00:27:27]}
{[%emt 00:05:20]} Ng5+ {[%clk 01:30:34]} {[%emt 00:00:16]} 37. Kg3 {[%clk
00:26:31]} {[%emt 00:01:24]} f6 {[%clk 01:30:59]} {[%emt 00:00:06]} 38. Nc3
{[%clk 00:26:26]} {[%emt 00:00:35]} fxe5 {[%clk 01:30:55]} {[%emt 00:00:34]} 39.
Nxe4 {[%clk 00:26:43]} {[%emt 00:00:12]} Nxe4+ {[%clk 01:31:21]} {[%emt
00:00:05]} 40. Kf3 {[%clk 00:25:34]} {[%emt 00:01:39]} Nxf2 {[%clk 01:31:00]}
{[%emt 00:00:52]} 41. Kxf2 {[%clk 00:26:02]} {[%emt 00:00:02]} exd4 {[%clk
01:31:18]} {[%emt 00:00:12]} 42. Rg1 {[%clk 00:25:34]} {[%emt 00:00:57]} b6
{[%clk 01:31:37]} {[%emt 00:00:12]} 43. b4 {[%clk 00:24:52]} {[%emt 00:01:12]}
Kh7 {[%clk 01:31:27]} {[%emt 00:00:39]} 44. Kf3 {[%clk 00:24:33]} {[%emt
00:00:48]} Bg6 {[%clk 01:31:52]} {[%emt 00:00:07]} 45. Kf4 {[%clk 00:24:51]}
{[%emt 00:00:12]} Kg7 {[%clk 01:32:17]} {[%emt 00:00:05]} 46. Ke5 {[%clk
00:25:13]} {[%emt 00:00:07]} d3 {[%clk 01:32:36]} {[%emt 00:00:12]} 47. Kd6
{[%clk 00:25:35]} {[%emt 00:00:08]} bxc5 {[%clk 01:32:46]} {[%emt 00:00:20]} 48.
bxc5 {[%clk 00:26:02]} {[%emt 00:00:02]} Kf6 {[%clk 01:33:11]} {[%emt
00:00:06]} 49. Rf1 {[%clk 00:25:44]} {[%emt 00:00:48]} Kg5 {[%clk 01:33:32]}
{[%emt 00:00:08]} 50. Kxc6 {[%clk 00:25:57]} {[%emt 00:00:18]} Bh5 {[%clk
01:33:58]} {[%emt 00:00:04]} 51. Rf2 {[%clk 00:25:49]} {[%emt 00:00:36]} Be2
{[%clk 01:34:25]} {[%emt 00:00:05]} 52. Rg2+ {[%clk 00:20:32]} {[%emt
00:05:45]} Kf4 {[%clk 01:34:41]} {[%emt 00:00:15]} 53. Rg1 {[%clk 00:20:59]}
{[%emt 00:00:02]} d4 {[%clk 01:35:04]} {[%emt 00:00:08]} 54. Kd6 {[%clk
00:14:36]} {[%emt 00:06:54]} d2 {[%clk 01:35:17]} {[%emt 00:00:16]} 55. c6
{[%clk 00:12:21]} {[%emt 00:02:45]} d1=Q {[%emt 00:00:16]} 56. Rxd1 {[%clk
00:12:19]} {[%emt 00:00:22]} Bxd1 {[%emt 00:01:09]} 0-1

[Event "Hoogeveen Amateur 1"]
[Site "Hoogeveen, Netherlands"]
[Date "2018.10.27"]
[Round "8.8"]
[White "De Jonge, Edwin"]
[Black "Stavast, Dick"]
[Result "0-1"]
[WhiteElo "1792"]
[BlackElo "2043"]

1. d4 {[%clk 01:30:55]} {[%emt 00:00:04]} d6 {[%clk 01:30:45]} {[%emt
00:00:16]} 2. c4 {[%clk 01:31:19]} {[%emt 00:00:07]} e5 {[%clk 01:30:56]}
{[%emt 00:00:18]} 3. dxe5 {[%clk 01:28:42]} {[%emt 00:03:07]} dxe5 {[%clk
01:31:25]} {[%emt 00:00:02]} 4. Qxd8+ {[%clk 01:28:40]} {[%emt 00:00:31]} Kxd8
{[%clk 01:31:54]} {[%emt 00:00:02]} 5. a3 {[%clk 01:26:21]} {[%emt 00:02:48]}
Be6 {[%clk 01:31:01]} {[%emt 00:01:23]} 6. e3 {[%clk 01:26:25]} {[%emt
00:00:26]} a5 {[%clk 01:30:13]} {[%emt 00:01:17]} 7. Nf3 {[%clk 01:26:06]}
{[%emt 00:00:48]} f6 {[%clk 01:30:35]} {[%emt 00:00:09]} 8. Bd2 {[%clk
01:24:49]} {[%emt 00:01:48]} Nd7 {[%clk 01:29:33]} {[%emt 00:01:32]} 9. Bc3
{[%clk 01:22:25]} {[%emt 00:02:53]} a4 {[%clk 01:13:52]} {[%emt 00:10:18]} 10.
Nbd2 {[%clk 01:22:14]} {[%emt 00:06:34]} Ne7 {[%clk 01:13:30]} {[%emt
00:00:51]} 11. O-O-O {[%clk 01:20:24]} {[%emt 00:02:20]} Nc6 {[%clk 01:12:16]}
{[%emt 00:01:43]} 12. h3 {[%clk 01:14:51]} {[%emt 00:06:04]} Ke8 {[%clk
01:05:19]} {[%emt 00:07:28]} 13. g4 {[%clk 01:13:40]} {[%emt 00:01:41]} Nc5
{[%clk 01:04:51]} {[%emt 00:00:57]} 14. Kb1 {[%clk 01:01:48]} {[%emt 00:12:23]}
Kf7 {[%clk 01:04:58]} {[%emt 00:00:23]} 15. Be2 {[%clk 00:53:33]} {[%emt
00:08:45]} Be7 {[%clk 01:05:06]} {[%emt 00:00:22]} 16. Ne1 {[%clk 00:45:09]}
{[%emt 00:08:54]} Rhd8 {[%clk 01:00:32]} {[%emt 00:05:04]} 17. Kc2 {[%clk
00:41:34]} {[%emt 00:04:06]} Rd7 {[%clk 00:58:48]} {[%emt 00:02:15]} 18. Nd3
{[%clk 00:41:10]} {[%emt 00:00:52]} Na6 {[%clk 00:45:33]} {[%emt 00:13:45]} 19.
Rdg1 {[%clk 00:17:20]} {[%emt 00:24:20]} Rad8 {[%clk 00:43:45]} {[%emt
00:02:19]} 20. h4 {[%clk 00:15:19]} {[%emt 00:02:30]} b6 {[%clk 00:40:36]}
{[%emt 00:03:39]} 21. Rh2 {[%clk 00:12:27]} {[%emt 00:03:22]} Na5 {[%clk
00:38:58]} {[%emt 00:02:08]} 22. Nb4 {[%clk 00:06:30]} {[%emt 00:06:26]} Bxb4
{[%clk 00:33:05]} {[%emt 00:06:24]} 23. axb4 {[%clk 00:06:29]} {[%emt
00:00:31]} Nc6 {[%clk 00:23:05]} {[%emt 00:10:30]} 24. b5 {[%clk 00:05:45]}
{[%emt 00:01:15]} Nab4+ {[%clk 00:22:26]} {[%emt 00:01:08]} 25. Kd1 {[%clk
00:05:52]} {[%emt 00:00:23]} Na2 {[%clk 00:21:34]} {[%emt 00:01:22]} 26. bxc6
{[%clk 00:03:08]} {[%emt 00:03:15]} Nxc3+ {[%clk 00:21:56]} {[%emt 00:00:07]}
27. bxc3 {[%clk 00:03:30]} {[%emt 00:00:08]} Rxd2+ {[%clk 00:22:20]} {[%emt
00:00:06]} 28. Ke1 {[%clk 00:03:56]} {[%emt 00:00:04]} a3 {[%clk 00:22:26]}
{[%emt 00:00:23]} 29. f3 {[%clk 00:03:40]} {[%emt 00:00:46]} a2 {[%clk
00:22:42]} {[%emt 00:00:15]} 30. Kf2 {[%clk 00:04:08]} {[%emt 00:00:02]} Bxc4
{[%clk 00:23:00]} {[%emt 00:00:12]} 0-1